000 00545nam a2200193Ia 4500
005 20250923145227.0
008 008 250917s9999 xx 000 0 eng d
037 _aTextual
040 _aDSWL
_beng
_cDSWL
041 _aeng
_2eng
084 _aV2,61x, N70
_qDSWL
245 0 _aUrban Planning and local Authorities
_cEd.by R.B. Das
260 _aCalcutta
_bOxford & IBH Pub. Co.
_c1970
300 _axiv,442p.
365 _aINR
_b10.00
925 _g10.00
942 _cTEXL
_hV2,61x, N70
999 _c1448696
_d1448696